| 000 | 00342cam a22001217a 4500 | ||
|---|---|---|---|
| 008 | 180718b1960 xxu||||| |||| 00| 0 eng d | ||
| 082 | _aR7x42 M853 | ||
| 100 | _aMarsch, John | ||
| 245 |
_aPartners in work relations _cby John Marsch |
||
| 260 |
_aLondon _bIndustrial Welfare Society _c1960 |
||
| 300 | _a42p. | ||
| 650 | _aLabour Relations - U.K. | ||
| 999 |
_c373087 _d373087 |
||